[Event "Werfen op-A"]
[Site "Werfen"]
[Date "1996.??.??"]
[Round "6"]
[White "Eberl, Hans Christian"]
[Black "Krachler, Guenther"]
[Result "0-1"]
[WhiteElo "1935"]
[BlackElo "2165"]
[PlyCount "64"]
[EventDate "1996.08.??"]
[EventType "swiss"]
[EventRounds "9"]
[EventCountry "AUT"]
[SourceTitle "EXT 2000"]
[Source "ChessBase"]
[SourceDate "1999.11.16"]
[SourceVersion "1"]
[SourceVersionDate "1999.11.16"]
[SourceQuality "1"]

1. e4 e6 2. d3 c5 3. Nf3 Nc6 4. g3 g6 5. Bg2 Bg7 6. 0-0 Nge7 7. Nbd2 0-0 8. Nb3 d6 9. c3 e5 10. Nh4 b5 11. f4 exf4 12. Bxf4 Rb8 13. Qd2 b4 14. Bh6 Be6 15. Bxg7 Kxg7 16. Rf2 a5 17. d4 bxc3 18. Qxc3 Bxb3 19. dxc5+ Kg8 20. axb3 dxc5 21. Qxc5 Qb6 22. Qg5 f6 23. Qd2 Rfd8 24. Qc3 Ne5 25. Qxa5 Rd1+ 26. Bf1 Rxa1 27. Qxa1 Ng4 28. Bc4+ Kg7 29. Qe1 Rd8 30. Nf3 Nc6 31. Kg2 Rd1 32. Qxd1 Ne3+ 0-1

[Event "Werfen op-A"]
[Site "Werfen"]
[Date "1996.??.??"]
[Round "4"]
[White "Ikonnikov, Vyacheslav"]
[Black "Krachler, Guenther"]
[Result "1-0"]
[WhiteElo "2540"]
[BlackElo "2165"]
[PlyCount "69"]
[EventDate "1996.08.??"]
[EventType "swiss"]
[EventRounds "9"]
[EventCountry "AUT"]
[SourceTitle "EXT 2000"]
[Source "ChessBase"]
[SourceDate "1999.11.16"]
[SourceVersion "1"]
[SourceVersionDate "1999.11.16"]
[SourceQuality "1"]

1. d4 Nf6 2. Nf3 g6 3. c4 Bg7 4. Nc3 0-0 5. e4 d6 6. Be2 e5 7. 0-0 Nc6 8. d5 Ne7 9. Ne1 Nd7 10. Be3 f5 11. f3 f4 12. Bf2 g5 13. a4 a5 14. Nd3 b6 15. Be1 Nf6 16. Nf2 h5 17. h3 Rf7 18. Nb5 Bf8 19. b4 axb4 20. Bxb4 Kh8 21. a5 bxa5 22. Rxa5 Rxa5 23. Bxa5 Neg8 24. Qb3 Rg7 25. Rb1 g4 26. fxg4 hxg4 27. hxg4 Ne8 28. Qd1 Qh4 29. Rb3 Rh7 30. Rh3 Qe7 31. Rxh7+ Qxh7 32. g5 Ba6 33. Bh5 Bxb5 34. cxb5 Qd7 35. Qb3 1-0

[Event "Finkenstein op"]
[Site "Finkenstein"]
[Date "1996.??.??"]
[Round "4"]
[White "Krachler, Guenther"]
[Black "Forstner, Joerg"]
[Result "1/2-1/2"]
[WhiteElo "1980"]
[BlackElo "1710"]
[PlyCount "102"]
[EventDate "1996.??.??"]
[EventType "swiss"]
[EventRounds "9"]
[EventCountry "AUT"]
[SourceTitle "EXT 1997"]
[Source "ChessBase"]
[SourceDate "1996.11.15"]
[SourceVersion "1"]
[SourceVersionDate "1996.11.15"]
[SourceQuality "1"]

1. e4 Nf6 2. Nc3 d5 3. e5 Nfd7 4. d4 e6 5. f4 c5 6. Nf3 Nc6 7. Be3 Be7 8. Qd2 0-0 9. Bd3 c4 10. Be2 a6 11. 0-0 b5 12. f5 b4 13. Nd1 exf5 14. b3 Nb6 15. Qe1 Be6 16. Qg3 f6 17. Nf2 fxe5 18. dxe5 d4 19. Bh6 Rf7 20. Rad1 d3 21. cxd3 c3 22. d4 Nd5 23. Nh3 Kh8 24. Bc1 h6 25. Qg6 Qd7 26. Bc4 Raf8 27. Bxd5 Bxd5 28. Nf4 Nd8 29. e6 Nxe6 30. Ne5 Nxf4 31. Rxf4 c2 32. Rdf1 Qa7 33. Nxf7+ Rxf7 34. Rxf5 Qxd4+ 35. Kh1 Rxf5 36. Qxf5 Be4 37. Qg4 Qd3 38. Re1 Bf5 39. Qh5 Bg6 40. Qg4 Bf5 41. Qh5 Bg6 42. Qe2 Bf6 43. Qxd3 Bxd3 44. Re3 Bb5 45. Re4 a5 46. Kg1 Kh7 47. Kf2 Kg6 48. Re6 Kf5 49. Rd6 Ke4 50. Ke1 Bc3+ 51. Kf2 Bf6 1/2-1/2

[Event "Oberwart op"]
[Site "Oberwart"]
[Date "1996.??.??"]
[Round "7"]
[White "Krachler, Guenther"]
[Black "Gasiunas, Natalia"]
[Result "1/2-1/2"]
[WhiteElo "2165"]
[BlackElo "2205"]
[PlyCount "101"]
[EventDate "1996.07.??"]
[EventType "swiss"]
[EventRounds "9"]
[EventCountry "AUT"]
[SourceTitle "CBM 053 Extra"]
[Source "ChessBase"]
[SourceDate "1996.09.01"]
[SourceVersion "1"]
[SourceVersionDate "1996.09.01"]
[SourceQuality "1"]

1. d4 e6 2. Nf3 Nf6 3. Bg5 h6 4. Bh4 b6 5. e3 Bb7 6. Bd3 g5 7. Bg3 Ne4 8. Nbd2 Nxg3 9. hxg3 Bg7 10. e4 g4 11. Nh2 Bxd4 12. c3 Bg7 13. Nxg4 Nc6 14. Rh5 Qe7 15. Qe2 a5 16. a4 0-0-0 17. Ba6 d5 18. exd5 Rxd5 19. Rxd5 exd5 20. Bxb7+ Kxb7 21. Qxe7 Nxe7 22. 0-0-0 h5 23. Re1 Ng6 24. Ne3 Kc6 25. Nf5 Bf6 26. Nf3 Kc5 27. Kc2 b5 28. axb5 Kxb5 29. Rd1 Kc5 30. Ra1 Kb6 31. Rd1 c6 32. Nd6 Kc7 33. Nxf7 Rf8 34. N7g5 Bxg5 35. Nxg5 Rxf2+ 36. Rd2 Rf5 37. Nf3 Ne5 38. Nxe5 Rxe5 39. Kb3 Re3 40. Rf2 Rxg3 41. Rf5 Rxg2 42. Rxh5 Rd2 43. c4 Kb6 44. cxd5 Rxd5 45. Rh8 Rd4 46. Rb8+ Kc5 47. Rh8 Rg4 48. Rh5+ Kb6 49. Rh8 Rg3+ 50. Ka2 Rg4 51. Rh3 1/2-1/2

[Event "Oberwart op"]
[Site "Oberwart"]
[Date "1996.??.??"]
[Round "5"]
[White "Pingitzer, Harald"]
[Black "Krachler, Guenther"]
[Result "1-0"]
[WhiteElo "2270"]
[BlackElo "2165"]
[PlyCount "116"]
[EventDate "1996.07.??"]
[EventType "swiss"]
[EventRounds "9"]
[EventCountry "AUT"]
[SourceTitle "CBM 053 Extra"]
[Source "ChessBase"]
[SourceDate "1996.09.01"]
[SourceVersion "1"]
[SourceVersionDate "1996.09.01"]
[SourceQuality "1"]

1. Nf3 Nf6 2. g3 g6 3. Bg2 Bg7 4. 0-0 0-0 5. d4 d5 6. c4 c6 7. cxd5 cxd5 8. Ne5 Bf5 9. Nc3 e6 10. h3 h5 11. f3 g5 12. Bxg5 Qb6 13. Na4 Qb5 14. e3 Nh7 15. Be7 Re8 16. Ba3 f6 17. Nc3 Qa6 18. g4 fxe5 19. gxf5 exd4 20. exd4 Qc4 21. fxe6 Rxe6 22. f4 Rg6 23. Qxh5 Qxd4+ 24. Kh1 Rxg2 25. Kxg2 Nf6 26. Qf3 Qc4 27. Rad1 d4 28. Ne2 Nc6 29. Qb3 Qxb3 30. axb3 Nd5 31. Rf3 Ne3+ 32. Rxe3 dxe3 33. Kf3 Re8 34. Rd3 b5 35. Bc5 Bxb2 36. Bxe3 b4 37. Bc5 Rc8 38. Rd5 Kf7 39. f5 Bc3 40. Ng3 Na5 41. Ne4 Rh8 42. Rd7+ Ke8 43. Rxa7 Nxb3 44. Bxb4 Nd4+ 45. Kf2 Rxh3 46. Bxc3 Nxf5 47. Nf6+ Kd8 48. Ba5+ Kc8 49. Rc7+ Kb8 50. Nd7+ Ka8 51. Bb6 Ra3 52. Nc5 Ra2+ 53. Ke1 Ra1+ 54. Kd2 Nd6 55. Kc2 Rf1 56. Ra7+ Kb8 57. Na6+ Kc8 58. Rc7+ Kd8 1-0

[Event "Werfen op-A"]
[Site "Werfen"]
[Date "1994.??.??"]
[Round "?"]
[White "Vasiliev, Mikhail"]
[Black "Krachler, Guenther"]
[Result "1-0"]
[WhiteElo "2405"]
[BlackElo "2000"]
[PlyCount "67"]
[EventDate "1994.08.??"]
[EventType "swiss"]
[EventRounds "9"]
[EventCountry "AUT"]
[SourceTitle "EXT 1998"]
[Source "ChessBase"]
[SourceDate "1997.11.17"]
[SourceVersion "1"]
[SourceVersionDate "1997.11.17"]
[SourceQuality "1"]

1. e4 e6 2. d4 d5 3. Nc3 Bb4 4. e5 c5 5. a3 Bxc3+ 6. bxc3 Ne7 7. Qg4 Qc7 8. Bd3 c4 9. Be2 0-0 10. Nf3 Qa5 11. Bd2 f6 12. exf6 Rxf6 13. Ne5 Nbc6 14. f4 Nxe5 15. fxe5 Rf8 16. Qg5 Nc6 17. Qg3 Kh8 18. h4 Bd7 19. h5 Ne7 20. Qh3 Qb6 21. Bc1 Nc6 22. Qh4 Rf7 23. h6 g6 24. Rf1 Rxf1+ 25. Bxf1 Rf8 26. Be2 Kg8 27. a4 Qa5 28. Kd2 a6 29. Ba3 Rf7 30. Bd6 Qd8 31. Qg3 Qa5 32. Bh5 Nxd4 33. Bxg6 Rf3 34. Bxh7+ 1-0